000 00533nam a2200181 4500
001 26657
005 20230410143307.0
008 060907n2005 dr spa
020 _a0871242133
035 _9funglode26857
041 _aEN
050 1 4 _aRCH
100 _aCunningham, George
245 1 _aJourney to become a diplomat :
_ban African Odyssey with a guide to careers in world affairs /
_cGeorge Cunningham
260 _aNew York :
_bForeign Policy Association,
_c2005
300 _ax, 214 p.
942 _2lcc
_cbk
999 _c98969
_d98969